British Railways Board v Mobil Oil Co Ltd (Record no. 47281)
[ view plain ]
| 000 -LEADER | |
|---|---|
| fixed length control field | 01488cab a2200265 4500 |
| 001 - CONTROL NUMBER | |
| control field | ABS50280 |
| 008 - FIXED-LENGTH DATA ELEMENTS--GENERAL INFORMATION | |
| fixed length control field | 090401t1994 xxu||||| |||| 00| 0 eng d |
| 035 ## - SYSTEM CONTROL NUMBER | |
| System control number | (Sirsi) u75050 |
| 041 ## - LANGUAGE CODE | |
| Language code of text/sound track or separate title | eng |
| 245 ## - TITLE STATEMENT | |
| Title | British Railways Board v Mobil Oil Co Ltd |
| 260 ## - PUBLICATION, DISTRIBUTION, ETC. | |
| Date of publication, distribution, etc. | 1994 |
| 350 ## - PRICE (NR) (BK AM CF MU VM SE) [OBSOLETE] | |
| Price | 0 |
| 490 ## - SERIES STATEMENT | |
| Series statement | Estates Gazette |
| Volume/sequential designation | (1994) 09 EG 181-182(2) |
| 520 ## - SUMMARY, ETC. | |
| Summary, etc. | CA 5 July 1993. By a lease dated 19 September 1966,this was an appeal by the defendant from a decision in the High Court, where a declaration has been made in favour of the landlord, concerning construction of a rent review, in relation to the lease of a petrol-filling station. In the High Court, the Judge accepted the landlord`s contentions: 1) that the base date for calculation was the commencement of the term. 2) the calculation of the rent increase should be made by assessing the rental value of the premises, including the buildings. The tenant appealed. Appeal allowed. 1) the base date which the arbitrator had to use, was the last increase; 2) The rise which the increase is to reflect is the proportion or percentage rise in rents of other petrol stations since September 1980. |
| 650 ## - SUBJECT ADDED ENTRY--TOPICAL TERM | |
| Topical term or geographic name entry element | BASE DATE |
| 650 ## - SUBJECT ADDED ENTRY--TOPICAL TERM | |
| Topical term or geographic name entry element | BRITISH RAILWAYS BOARD |
| 650 ## - SUBJECT ADDED ENTRY--TOPICAL TERM | |
| Topical term or geographic name entry element | CONSTRUCTION OF CLAUSE |
| 650 ## - SUBJECT ADDED ENTRY--TOPICAL TERM | |
| Topical term or geographic name entry element | GROUND RENT |
| 650 ## - SUBJECT ADDED ENTRY--TOPICAL TERM | |
| Topical term or geographic name entry element | MOBIL OIL COMPANY LIMITED |
| 650 ## - SUBJECT ADDED ENTRY--TOPICAL TERM | |
| Topical term or geographic name entry element | PETROL FILLING STATIONS |
| 650 ## - SUBJECT ADDED ENTRY--TOPICAL TERM | |
| Topical term or geographic name entry element | RENT REVIEWS |
| 690 ## - LOCAL SUBJECT ADDED ENTRY--TOPICAL TERM (OCLC, RLIN) | |
| Topical term or geographic name as entry element | LANDLORD AND TENANT-CASE LAW-RENT REVIEWS |
| 942 ## - ADDED ENTRY ELEMENTS (KOHA) | |
| Suppress in OPAC | 0 |
| 948 ## - LOCAL PROCESSING INFORMATION (OCLC); SERIES PART DESIGNATOR (RLIN) | |
| c (OCLC) | 04/03/1997 |
| Withdrawn status | Lost status | Source of classification or shelving scheme | Damaged status | Not for loan | Home library | Current library | Shelving location | Date acquired | Total Checkouts | Full call number | Barcode | Date last seen | Copy number | Price effective from | Koha item type |
|---|---|---|---|---|---|---|---|---|---|---|---|---|---|---|---|
| Dewey Decimal Classification | London | London | Journal article | 14/09/1999 | ABS50280 | 75050-1001 | 06/08/2019 | 1 | 06/08/2019 | Law report |